| 000 | 00668nam a22002177a 4500 | ||
|---|---|---|---|
| 999 |
_c14225 _d14225 |
||
| 003 | AR-CdUCM | ||
| 008 | 190410b ||||| |||| 00| 0 spa d | ||
| 020 | _a84-7630-777-2 | ||
| 040 |
_aMUNICIPALIDAD PROVINCIAL DEL CUSCO _cBIBLIOTECA MUNICIPAL DEL CUSCO |
||
| 082 |
_aEP / 803 / _bAL34 |
||
| 110 |
_aEditorial Libsa. _932910 |
||
| 245 | _aAladino y la lámpara maravillosa / | ||
| 260 |
_aMadrid : _bEditorial Libsa,, _c2005. |
||
| 300 | _c20 cm. | ||
| 440 |
_aCuentos de oro. _932911 |
||
| 505 | _aContenido :Aladino y la lampara maravillosa ... | ||
| 650 |
_aCuentos _9217 |
||
| 650 |
_aHistorietas _910786 |
||
| 942 |
_2ddc _cLIBROS |
||
| 945 |
_arum _d2019-04-22 |
||